[Event "Rated Blitz game"]
[Site "?"]
[Date "2021.02.08"]
[Round "?"]
[White "MRMANiA"]
[Black "Jomajo"]
[Result "0-1"]
[WhiteElo "2405"]
[BlackElo "2580"]
[PlyCount "108"]
[EventDate "2021.??.??"]
[EventType "blitz"]

1. e4 e5 2. Nf3 d5 3. exd5 e4 4. Qe2 Qe7 5. Nd4 Nf6 6. Nc3 Qe5 7. Nf3 Qe7 8.
Nd4 Qe5 9. Nf3 Qe7 10. Nd4 a6 11. f3 Qe5 12. Nxe4 Nxe4 13. Qxe4 Bd6 14. d3 O-O
15. Qxe5 Bxe5 16. Nb3 Re8 17. Kf2 a5 18. d4 Bd6 19. a4 Bf5 20. c4 Bc2 21. Nc5
b6 22. Nd3 Na6 23. Bd2 Re7 24. Rc1 Bxa4 25. c5 bxc5 26. dxc5 Be5 27. Nxe5 Rxe5
28. Bxa6 Rxa6 29. d6 cxd6 30. cxd6 h6 31. Bf4 Rd5 32. Rc4 Bb3 33. Rc3 a4 34. h4
h5 35. Rhc1 Kh7 36. Rc6 Ra8 37. R1c5 Rxc5 38. Rxc5 g6 39. Be5 Be6 40. Ke3 g5
41. hxg5 Kg6 42. f4 h4 43. Kf2 Rb8 44. Kg1 Rb3 45. Kh2 Rd3 46. Rc3 Rd2 47. Kg1
Bd5 48. d7 Be6 49. Rc7 Bxd7 50. Bc3 Rd1+ 51. Kf2 Be6 52. Ke3 Rg1 53. Ke4 Rxg2
54. Rc8 Re2+ {Time forfeit} 0-1

[Event "Rated Blitz game"]
[Site "?"]
[Date "2021.02.08"]
[Round "?"]
[White "kintoho"]
[Black "annaly1979"]
[Result "0-1"]
[WhiteElo "2452"]
[BlackElo "2415"]
[PlyCount "58"]
[EventDate "2021.??.??"]
[EventType "blitz"]

1. e4 e5 2. Nf3 d5 3. d4 dxe4 4. Nxe5 Bd6 5. Nc4 Nf6 6. Nxd6+ cxd6 7. Be2 O-O
8. O-O h6 9. h3 d5 10. Bf4 Nc6 11. c3 a6 12. Nd2 Be6 13. Re1 Re8 14. Nf1 b5 15.
a3 Na5 16. Ne3 Nc4 17. b3 Nxe3 18. fxe3 Rc8 19. Qd2 Qa5 20. b4 Qd8 21. a4 Bd7
22. axb5 Bxb5 23. Bxb5 axb5 24. Ra5 Qb6 25. Rc1 Qc6 26. Qe2 Qc4 27. Kf2 Ra8 28.
Rxb5 Ra2 29. Rc2 Rxc2 {Normal} 0-1

[Event "Rated Blitz game"]
[Site "?"]
[Date "2021.02.08"]
[Round "?"]
[White "MRMANiA"]
[Black "Jomajo"]
[Result "1/2-1/2"]
[WhiteElo "2399"]
[BlackElo "2586"]
[PlyCount "96"]
[EventDate "2021.??.??"]
[EventType "blitz"]

1. e4 e5 2. Nf3 d5 3. exd5 e4 4. Qe2 Qe7 5. Nd4 Nf6 6. Nc3 Qe5 7. Nf3 Qe7 8.
Nd4 Qe5 9. Nf3 Qe7 10. Nd4 a6 11. f3 exf3 12. Nxf3 Bg4 13. d4 Nbd7 14. Bf4 Nb6
15. Bxc7 Nbxd5 16. Nxd5 Nxd5 17. Bg3 Ne3 18. Kf2 Nf5 19. Qxe7+ Bxe7 20. Re1
Bxf3 21. gxf3 Nxd4 22. Bh3 Rd8 23. Bc7 Rd5 24. c4 Rd7 25. Bxd7+ Kxd7 26. Be5
Ne6 27. Rd1+ Kc6 28. a3 a5 29. Rhg1 Rg8 30. Bc3 Bc5+ 31. Ke2 Nf4+ 32. Kd2 Bxg1
33. Rxg1 g6 34. Rg5 b6 35. b4 axb4 36. axb4 Rd8+ 37. Kc2 Ne6 38. b5+ Kb7 39.
Rg1 Rc8 40. Kb3 Nc5+ 41. Kb4 Nd3+ 42. Kb3 Nc5+ 43. Kc2 Ne6 44. Kb3 Nc5+ 45. Kc2
Ne6 46. Kb3 Nc5+ 47. Kc2 Na4 48. Kb3 Nc5+ {Normal} 1/2-1/2

[Event "Rated Blitz game"]
[Site "?"]
[Date "2021.02.08"]
[Round "?"]
[White "zakkiyya_BKD"]
[Black "Chandra_PW"]
[Result "1-0"]
[WhiteElo "2202"]
[BlackElo "2418"]
[PlyCount "109"]
[EventDate "2021.??.??"]
[EventType "blitz"]

1. e4 e5 2. Nf3 d5 3. Nxe5 dxe4 4. d4 Nd7 5. Nc4 Ngf6 6. Be2 Be7 7. O-O O-O 8.
f3 Nb6 9. fxe4 Nxe4 10. Nxb6 axb6 11. Bf3 Bf5 12. Nc3 Nxc3 13. bxc3 c6 14. Bxc6
Bxc2 15. Qxc2 bxc6 16. Rd1 Bd6 17. Qe4 Qd7 18. Qf3 Qe6 19. Be3 Ra3 20. Bf2 Rfa8
21. Re1 Qh6 22. g3 Bf8 23. Re2 Qg6 24. Rb2 b5 25. d5 b4 26. dxc6 Rxc3 27. Qd5
Qxc6 28. Qxc6 Rxc6 29. Rab1 Rca6 30. Be1 Bc5+ 31. Kh1 Rxa2 32. Rxa2 Rxa2 33.
Bxb4 Ba7 34. Bd6 h5 35. Rb7 g5 36. Be5 h4 37. gxh4 gxh4 38. h3 Be3 39. Bf6 Bf2
40. Rb8+ Kh7 41. Rh8+ Kg6 42. Bxh4 Bd4 43. Rd8 Be5 44. Kg1 f5 45. Rd3 f4 46.
Bf2 Kf5 47. Rb3 Ke4 48. Rb4+ Kf5 49. Rb3 Ra4 50. Kg2 Ke4 51. h4 Bd6 52. h5 Ra2
53. Rf3 Ra5 54. Rh3 Ra2 55. Rf3 {Time forfeit} 1-0

[Event "Ville d'Orsay On/L Blitz"]
[Site "Europe-Echecs INT"]
[Date "2021.02.07"]
[Round "2"]
[White "Droin, Augustin"]
[Black "Dubois, Mart"]
[Result "1-0"]
[WhiteElo "2289"]
[BlackElo "1780"]
[PlyCount "87"]
[EventDate "2021.02.07"]
[EventType "blitz"]
[SourceTitle "The Week in Chess 1370"]
[Source "Mark Crowther"]
[SourceDate "2021.02.08"]
[SourceVersion "1"]
[SourceVersionDate "2021.02.08"]
[SourceQuality "2"]

1. e4 e5 2. Nf3 d5 3. exd5 e4 4. Qe2 Nf6 5. Nc3 Be7 6. Nxe4 O-O 7. Nxf6+ Bxf6
8. d4 Qxd5 9. Be3 Nc6 10. Qc4 Qa5+ 11. c3 Be6 12. Qb5 Rfd8 13. Qxa5 Nxa5 14.
Be2 Bc4 15. b3 Bxe2 16. Kxe2 c5 17. dxc5 Bxc3 18. Rad1 Nc6 19. a3 a5 20. g4 f6
21. Rxd8+ Rxd8 22. Rd1 Rxd1 23. Kxd1 Kf7 24. Kc2 Be5 25. h3 g5 26. Nxe5+ Nxe5
27. Bd2 Nd7 28. b4 axb4 29. axb4 Ke6 30. Bc3 Kd5 31. Kd3 Nf8 32. Bxf6 Ne6 33.
h4 gxh4 34. Bxh4 Nf4+ 35. Kc3 Ng6 36. Bg3 Ne7 37. Bd6 Nc6 38. f4 Nd4 39. f5 Nf3
40. Bf4 b6 41. cxb6 Kc6 42. f6 Kxb6 43. f7 Ng5 44. Bxg5 1-0

[Event "Rated Blitz game"]
[Site "?"]
[Date "2021.02.07"]
[Round "?"]
[White "Jantje46"]
[Black "FTR_BBC"]
[Result "1/2-1/2"]
[WhiteElo "2405"]
[BlackElo "2394"]
[PlyCount "131"]
[EventDate "2021.??.??"]
[EventType "blitz"]

1. e4 e5 2. Nf3 d5 3. Nxe5 Bd6 4. d4 dxe4 5. Nc4 Be7 6. c3 Nf6 7. Bg5 O-O 8.
Nbd2 Bf5 9. Be2 h6 10. Bh4 Nbd7 11. O-O b5 12. Ne3 Bh7 13. Bxb5 Rb8 14. a4 c6
15. Bxc6 Rxb2 16. Nec4 Rb8 17. Re1 Rc8 18. Bb5 Nb6 19. Nxb6 axb6 20. Qb3 g5 21.
Bg3 Nd5 22. Rac1 Kg7 23. Nxe4 f5 24. Be5+ Kg6 25. Ng3 Bg8 26. Qc2 Nb4 27. Qb1
Nd5 28. Bd3 Be6 29. c4 Nb4 30. d5 Nxd3 31. Qxd3 Bc5 32. Qe2 Bd7 33. Qh5+ Kh7
34. Ne2 Qe8 35. Qxe8 Rcxe8 36. Nc3 Rf7 37. Bc7 Rxe1+ 38. Rxe1 Bb4 39. Rc1 Ba3
40. Rb1 Bxa4 41. Nxa4 Rxc7 42. Nxb6 Bc5 43. Na4 Bd4 44. Rc1 Ra7 45. c5 Rxa4 46.
c6 Be5 47. g3 Bc7 48. d6 Bxd6 49. c7 Bxc7 50. Rxc7+ Kg6 51. Rc6+ Kh5 52. Kg2
Ra2 53. h3 g4 54. hxg4+ Kxg4 55. Rxh6 Kg5 56. Rh4 Ra1 57. Rf4 Ra2 58. Rf3 Rb2
59. Rf4 Rb3 60. Rf3 Rb8 61. Rf4 Rh8 62. Rf3 Kf6 63. Re3 Kg5 64. Rf3 Kg6 65. Rf4
Kg5 66. Rf3 {Normal} 1/2-1/2

[Event "Rated Blitz game"]
[Site "?"]
[Date "2021.02.07"]
[Round "?"]
[White "Strelok2222"]
[Black "Fantastic_power06"]
[Result "1-0"]
[WhiteElo "2510"]
[BlackElo "2619"]
[PlyCount "131"]
[EventDate "2021.??.??"]
[EventType "blitz"]

1. e4 e5 2. Nf3 d5 3. Nxe5 Bd6 4. d4 dxe4 5. Nc4 Nc6 6. Nc3 Bb4 7. a3 Bxc3+ 8.
bxc3 Nf6 9. h3 h6 10. g4 Be6 11. Bf4 Nd5 12. Bd2 O-O 13. Ne3 Kh8 14. Nxd5 Bxd5
15. Be3 Na5 16. Qd2 Nc4 17. Bxc4 Bxc4 18. Rb1 Qf6 19. g5 hxg5 20. Bxg5 Qf3 21.
Rg1 Kh7 22. Rb4 b5 23. Qe3 a5 24. Rb1 Rae8 25. Kd2 f6 26. Bf4 Qxe3+ 27. fxe3 g5
28. Bxc7 Kg6 29. Bxa5 f5 30. Bc7 Rh8 31. Bf4 Rh5 32. Rg3 Kh6 33. Rxg5 Rxg5 34.
Rg1 Reg8 35. h4 Kh5 36. hxg5 Kg6 37. Rb1 Ra8 38. Ra1 Rh8 39. a4 Ra8 40. a5 Ra6
41. Bc7 Kxg5 42. Rg1+ Kf6 43. Bb6 f4 44. exf4 Kf5 45. Ke3 Ra8 46. Rg5+ Kf6 47.
Kxe4 Rd8 48. Re5 Ra8 49. d5 Ba2 50. Kd4 Bb1 51. Re6+ Kf5 52. Re7 Kxf4 53. Kc5
Rc8+ 54. Kxb5 Bxc2 55. d6 Bd3+ 56. Kb4 Rc4+ 57. Kb3 Rc6 58. d7 Bc4+ 59. Kb4 Rd6
60. Kxc4 Rc6+ 61. Kb5 Rd6 62. Rf7+ Kg4 63. c4 Rd1 64. c5 Rb1+ 65. Kc6 Rc1 66.
Rg7+ {Time forfeit} 1-0

[Event "Rated Blitz game"]
[Site "?"]
[Date "2021.02.07"]
[Round "?"]
[White "felinoguaso"]
[Black "lederman"]
[Result "1-0"]
[WhiteElo "2471"]
[BlackElo "2365"]
[PlyCount "25"]
[EventDate "2021.??.??"]
[EventType "blitz"]

1. e4 e5 2. Nf3 d5 3. exd5 e4 4. Qe2 Nf6 5. Nc3 Bf5 6. d3 Bb4 7. dxe4 Bxc3+ 8.
bxc3 Nxe4 9. Nd4 Qxd5 10. Nxf5 Qxf5 11. f3 O-O 12. fxe4 Qf6 13. Qf3 {Normal}
1-0

[Event "Rated Blitz game"]
[Site "?"]
[Date "2021.02.07"]
[Round "?"]
[White "EnemyNoOne"]
[Black "FTR_BBC"]
[Result "0-1"]
[WhiteElo "2443"]
[BlackElo "2381"]
[PlyCount "76"]
[EventDate "2021.??.??"]
[EventType "blitz"]

1. e4 e5 2. Nf3 d5 3. d4 dxe4 4. Nxe5 Bd6 5. Nc4 Be7 6. Nc3 Nf6 7. Bg5 Bf5 8.
Be2 h6 9. Bh4 O-O 10. Qd2 c6 11. O-O-O b5 12. Ne3 Bh7 13. Rdg1 b4 14. Ncd1 Qa5
15. Kb1 Rd8 16. Nc4 Qc7 17. Bg3 Qc8 18. Ne5 a5 19. Bc4 Nd5 20. Ne3 a4 21. f3 f6
22. fxe4 Bxe4 23. Nd3 Kh8 24. Nf2 Bh7 25. Bd3 Bg8 26. Nf5 Bf8 27. Nh4 Bf7 28.
Ng6+ Bxg6 29. Bxg6 Qb7 30. Ka1 b3 31. c4 a3 32. bxa3 Rxa3 33. Qb2 Rxa2+ 34.
Qxa2 bxa2 35. cxd5 Bb4 36. Ne4 cxd5 37. Nc5 Bc3+ 38. Kxa2 Qb2# {Normal} 0-1

[Event "Rated Blitz game"]
[Site "?"]
[Date "2021.02.07"]
[Round "?"]
[White "DomQueijote"]
[Black "Chesspirate_Channel"]
[Result "1-0"]
[WhiteElo "2415"]
[BlackElo "2376"]
[PlyCount "49"]
[EventDate "2021.??.??"]
[EventType "blitz"]

1. e4 e5 2. Nf3 d5 3. Nxe5 Bd6 4. d4 dxe4 5. Be2 Bxe5 6. dxe5 Qxd1+ 7. Bxd1 Nc6
8. Bf4 Nge7 9. Nc3 Ng6 10. Bg3 Bf5 11. O-O O-O-O 12. Re1 Ngxe5 13. Nxe4 Rhe8
14. Nc3 Nc4 15. Be2 Nb6 16. Rac1 Rd2 17. Bf4 Rxc2 18. Rxc2 Bxc2 19. Bg4+ Kd8
20. Bxc7+ Kxc7 21. Rxe8 Bg6 22. Rg8 Nc4 23. Rxg7 Nxb2 24. f4 h5 25. f5 {Normal}
1-0

[Event "Rated Blitz game"]
[Site "?"]
[Date "2021.02.07"]
[Round "?"]
[White "AnonymouseGM"]
[Black "Schachelite"]
[Result "1-0"]
[WhiteElo "2438"]
[BlackElo "2438"]
[PlyCount "63"]
[EventDate "2021.??.??"]
[EventType "blitz"]

1. e4 e5 2. Nf3 d5 3. exd5 e4 4. Qe2 Nf6 5. d3 Qxd5 6. Nc3 Bb4 7. Bd2 Bxc3 8.
Bxc3 O-O 9. dxe4 Nxe4 10. Rd1 Nxc3 11. Rxd5 Nxe2 12. Bxe2 Re8 13. O-O Nc6 14.
Bb5 Bg4 15. Bxc6 bxc6 16. Rd3 Re2 17. Nd4 c5 18. Nxe2 Bxe2 19. Rd5 Bxf1 20.
Kxf1 Rb8 21. b3 c4 22. bxc4 g6 23. Ke2 Rb2 24. Kd3 Rxa2 25. Rc5 a5 26. Rxc7 Kg7
27. Ra7 Ra3+ 28. c3 Ra1 29. c5 Rd1+ 30. Kc4 Rd2 31. c6 Rd6 32. Kc5 {Normal} 1-0

[Event "Rated Blitz game"]
[Site "?"]
[Date "2021.02.07"]
[Round "?"]
[White "jean_val_jean"]
[Black "Jomajo"]
[Result "0-1"]
[WhiteElo "2501"]
[BlackElo "2645"]
[PlyCount "148"]
[EventDate "2021.??.??"]
[EventType "blitz"]

1. e4 e5 2. Nf3 d5 3. exd5 e4 4. Qe2 Qe7 5. Nd4 Nf6 6. Nc3 Qe5 7. Nf3 Qe7 8.
Ng5 Bg4 9. Qe3 Bf5 10. Bb5+ Nbd7 11. O-O h6 12. d6 cxd6 13. Bxd7+ Kxd7 14. Qf4
Bg6 15. Qh4 Nh7 16. Qh3+ Kd8 17. Ngxe4 Bxe4 18. Re1 Qe6 19. Qxe6 fxe6 20. Nxe4
Kd7 21. d3 Be7 22. Nc3 Nf6 23. g3 Rhf8 24. Be3 Rac8 25. Bxa7 d5 26. Bd4 Bd6 27.
Re2 Ng4 28. h3 Nf6 29. Rae1 Rfe8 30. a3 Re7 31. Bxf6 gxf6 32. Nb5 e5 33. Nxd6
Kxd6 34. c3 Rg7 35. Kh2 h5 36. Re3 Rcg8 37. R1e2 h4 38. g4 Rf7 39. Rf3 Rgf8 40.
Rf5 Rg8 41. f4 exf4 42. Rxf4 Rg5 43. Ref2 Ke6 44. Rf5 Rxf5 45. Rxf5 Rc7 46. Rh5
Rc6 47. Rxh4 d4 48. c4 Rb6 49. b4 Ra6 50. g5 fxg5 51. Rxd4 Rxa3 52. Re4+ Kf5
53. Re3 Rb3 54. Kg3 Rxb4 55. Kf3 b5 56. cxb5 Rxb5 57. Kg3 Rb4 58. Rf3+ Kg6 59.
Re3 Rd4 60. Re6+ Kf5 61. Re3 Kg6 62. Rf3 Kh5 63. Kf2 g4 64. Ke3 gxf3 65. Kxd4
f2 66. Ke3 f1=Q 67. d4 Qe1+ 68. Kd3 Qd1+ 69. Kc4 Qf3 70. Kc5 Qxh3 71. d5 Qd7
72. d6 Kg6 73. Kd5 Kf6 74. Kc5 Ke6 {Time forfeit} 0-1

[Event "Rated Blitz game"]
[Site "?"]
[Date "2021.02.07"]
[Round "?"]
[White "Piotrek79"]
[Black "Chesspirate_Channel"]
[Result "1-0"]
[WhiteElo "2426"]
[BlackElo "2360"]
[PlyCount "125"]
[EventDate "2021.??.??"]
[EventType "blitz"]

1. e4 e5 2. Nf3 d5 3. d3 dxe4 4. dxe4 Qxd1+ 5. Kxd1 Bg4 6. Be3 Nc6 7. c3 O-O-O+
8. Kc2 f5 9. h3 Bh5 10. exf5 Bxf3 11. gxf3 Nf6 12. Nd2 Bd6 13. Ne4 Rhf8 14. Bc4
Kb8 15. Be6 Rde8 16. Rhg1 g6 17. Nxf6 Rxf6 18. Bd7 Ref8 19. Bxc6 bxc6 20. fxg6
hxg6 21. h4 Rh8 22. Kd3 Rxf3 23. Ke4 Rf7 24. Rg4 Be7 25. Rag1 Bxh4 26. f3 g5
27. Bxg5 Bxg5 28. Rxg5 Rf4+ 29. Ke3 Rhf8 30. R1g3 e4 31. fxe4 Rf2 32. Rg2 R2f3+
33. Kd4 Rd8+ 34. Kc4 Re3 35. e5 Rd5 36. a4 Rdxe5 37. Rxe5 Rxe5 38. Rg4 Kb7 39.
b4 a6 40. a5 Rb5 41. Rg7 Rf5 42. Re7 Rg5 43. Kd4 Rf5 44. Re4 Rg5 45. Re5 Rg4+
46. Kc5 Rg3 47. c4 Rh3 48. Re7 Rh5+ 49. Kd4 Rh4+ 50. Re4 Rh5 51. Rf4 Rg5 52.
Re4 Rh5 53. Re5 Rh4+ 54. Kc5 Rg4 55. b5 axb5 56. cxb5 cxb5 57. Kxb5 Rg2 58. Re4
Ka7 59. Kc5 Rc2+ 60. Rc4 Rb2 61. Kd4 Ra2 62. Rxc7+ Ka6 63. Rc6+ {Time forfeit}
1-0

[Event "Rated Blitz game"]
[Site "?"]
[Date "2021.02.07"]
[Round "?"]
[White "Marfergi"]
[Black "vitvol1"]
[Result "0-1"]
[WhiteElo "2425"]
[BlackElo "2361"]
[PlyCount "70"]
[EventDate "2021.??.??"]
[EventType "blitz"]

1. e4 e5 2. Nf3 d5 3. d4 dxe4 4. Nxe5 Nd7 5. Nxd7 Bxd7 6. Bc4 Nf6 7. Nc3 Bd6 8.
Bg5 O-O 9. Qd2 h6 10. Bh4 Re8 11. O-O-O b5 12. Nxb5 Bxb5 13. Bxb5 Rf8 14. Bc4
Qe7 15. Bg3 Rab8 16. Rhe1 a5 17. Qxa5 Bb4 18. Qxc7 Qxc7 19. Bxc7 Rbc8 20. c3
Rxc7 21. Bb3 Bd6 22. g3 Re8 23. Bc2 Rce7 24. Re2 Ng4 25. h3 Nf6 26. Rde1 h5 27.
a4 g5 28. Kb1 g4 29. h4 e3 30. Rxe3 Rxe3 31. Rxe3 Rxe3 32. fxe3 Bxg3 33. a5 Bb8
34. e4 g3 35. e5 g2 {Normal} 0-1

[Event "Rated Blitz game"]
[Site "?"]
[Date "2021.02.07"]
[Round "?"]
[White "InterestingPlay"]
[Black "Fantastic_power06"]
[Result "0-1"]
[WhiteElo "2500"]
[BlackElo "2647"]
[PlyCount "51"]
[EventDate "2021.??.??"]
[EventType "blitz"]

1. e4 e5 2. Nf3 d5 3. exd5 e4 4. Qe2 Nf6 5. Nc3 Be7 6. Nxe4 O-O 7. d3 Re8 8.
Bd2 Nxd5 9. O-O-O f5 10. Be1 Nc6 11. Kb1 Bf8 12. Qd2 fxe4 13. dxe4 Nf6 14. Ng5
Qxd2 15. Bxd2 h6 16. Bc4+ Kh8 17. Nf7+ Kh7 18. h4 Be6 19. Ng5+ hxg5 20. hxg5+
Kg6 21. Bd3 Ng4 22. f4 Kf7 23. f5 Nce5 24. fxe6+ Kxe6 25. Rhf1 Bd6 26. c4 {
Normal} 0-1

[Event "Rated Blitz game"]
[Site "?"]
[Date "2021.02.07"]
[Round "?"]
[White "jean_val_jean"]
[Black "Jomajo"]
[Result "0-1"]
[WhiteElo "2500"]
[BlackElo "2646"]
[PlyCount "40"]
[EventDate "2021.??.??"]
[EventType "blitz"]

1. e4 e5 2. Nf3 d5 3. exd5 e4 4. Qe2 Qe7 5. Nd4 Nf6 6. Nc3 Qe5 7. Nf3 Qe7 8.
Nd4 Qe5 9. Nf3 Qe7 10. Ng5 Bg4 11. f3 exf3 12. gxf3 Bh5 13. Nge4 Nxe4 14. Nxe4
Nd7 15. d6 cxd6 16. Nxd6+ Kd8 17. Nxb7+ Kc7 18. Qxe7 Bxe7 19. Bg2 Bh4+ 20. Kf1
Rae8 {Normal} 0-1

[Event "Rated Blitz game"]
[Site "?"]
[Date "2021.02.07"]
[Round "?"]
[White "NormWeinstein"]
[Black "Chesspirate_Channel"]
[Result "1-0"]
[WhiteElo "2427"]
[BlackElo "2380"]
[PlyCount "61"]
[EventDate "2021.??.??"]
[EventType "blitz"]

1. e4 e5 2. Nf3 d5 3. d4 dxe4 4. Nxe5 Bd6 5. Bf4 Nf6 6. Be2 O-O 7. O-O Re8 8.
Nc3 Nbd7 9. Bg3 Qe7 10. Nc4 Bxg3 11. hxg3 c6 12. Ne3 Nb6 13. a4 a5 14. Bc4 Be6
15. Qe2 Nxc4 16. Nxc4 Qb4 17. Ne3 Qxb2 18. Qd2 Qb6 19. Rab1 Qc7 20. Rb2 Rab8
21. Rfb1 h6 22. Ne2 Bg4 23. Nc1 Re7 24. Nb3 b6 25. Nxa5 Rd7 26. Nac4 Rbd8 27.
c3 c5 28. Nxb6 cxd4 29. Nxd7 dxc3 30. Nxf6+ gxf6 31. Qc1 {Normal} 1-0

[Event "Rated Blitz game"]
[Site "?"]
[Date "2021.02.07"]
[Round "?"]
[White "Alejandropacheco29"]
[Black "Schachelite"]
[Result "0-1"]
[WhiteElo "2451"]
[BlackElo "2431"]
[PlyCount "24"]
[EventDate "2021.??.??"]
[EventType "blitz"]

1. e4 e5 2. Nf3 d5 3. exd5 e4 4. Qe2 Nf6 5. d3 Qxd5 6. Nbd2 Be7 7. Nxe4 O-O 8.
Bf4 Nc6 9. Nc3 Qa5 10. Bd2 Bb4 11. g3 Bg4 12. O-O-O Nd4 {Normal} 0-1

[Event "Rated Blitz game"]
[Site "?"]
[Date "2021.02.07"]
[Round "?"]
[White "NormWeinstein"]
[Black "blastol"]
[Result "0-1"]
[WhiteElo "2439"]
[BlackElo "2367"]
[PlyCount "110"]
[EventDate "2021.??.??"]
[EventType "blitz"]

1. e4 e5 2. Nf3 d5 3. d4 dxe4 4. Nxe5 Bd6 5. Bf4 Nf6 6. Be2 O-O 7. O-O Re8 8.
Nc3 Nbd7 9. Bg3 Nb6 10. f3 e3 11. Kh1 Nbd5 12. Nxd5 Nxd5 13. c4 Bxe5 14. dxe5
Ne7 15. Bd3 Bf5 16. Bxf5 Qxd1 17. Rfxd1 Nxf5 18. Bf4 g5 19. Bxg5 Rxe5 20. g4 e2
21. Re1 Nd4 22. Bf6 Rae8 23. Bxe5 Rxe5 24. Kg2 Nc2 25. Rac1 Nxe1+ 26. Rxe1 Ra5
27. a3 Rc5 28. b3 a6 29. Rxe2 b5 30. cxb5 axb5 31. Re3 Rc2+ 32. Kg3 Kf8 33. b4
Rc1 34. h4 Kg7 35. h5 c5 36. bxc5 Rxc5 37. Rb3 f5 38. g5 h6 39. f4 hxg5 40.
fxg5 Kf7 41. Kf4 Ke6 42. Re3+ Kf7 43. Rd3 Ke6 44. h6 Rc4+ 45. Kg3 Rg4+ 46. Kh3
Rxg5 47. Kh4 Rg1 48. Rh3 Kf7 49. Kh5 Rg8 50. Rf3 Kf6 51. h7 Rg1 52. h8=Q+ Ke6
53. Qe8+ Kf6 54. Qf8+ Ke6 55. Qxf5+ Ke7 {Time forfeit} 0-1

[Event "Rated Blitz game"]
[Site "?"]
[Date "2021.02.07"]
[Round "?"]
[White "TheRedKing89"]
[Black "Jomajo"]
[Result "1-0"]
[WhiteElo "2687"]
[BlackElo "2667"]
[PlyCount "137"]
[EventDate "2021.??.??"]
[EventType "blitz"]

1. e4 e5 2. Nf3 d5 3. d4 dxe4 4. Nxe5 Bd6 5. Bc4 Bxe5 6. dxe5 Qxd1+ 7. Kxd1 Nc6
8. Bf4 Bg4+ 9. Kc1 Nge7 10. Bb5 O-O-O 11. Bxc6 Nxc6 12. Nc3 Nd4 13. Re1 f5 14.
exf6 gxf6 15. h3 Bh5 16. Be3 f5 17. b3 c5 18. Kb2 Rhg8 19. g3 b6 20. a4 a6 21.
h4 Bf3 22. Bg5 Rd7 23. Nd1 Ne6 24. Bh6 Rg6 25. Be3 Kb7 26. Nc3 Kc6 27. Ne2 Rg8
28. Nf4 Nd4 29. c3 Kb7 30. cxd4 cxd4 31. Bd2 Re8 32. Rac1 Rde7 33. Bb4 Rd7 34.
a5 e3 35. fxe3 dxe3 36. axb6 e2 37. Ba5 Rg8 38. Rc7+ Rxc7 39. bxc7 Rxg3 40. Ne6
Bg4 41. Nd4 Re3 42. Bd2 Re4 43. Kc3 f4 44. Kd3 f3 45. Kxe4 f2 46. Nxe2 fxe1=Q
47. Bxe1 Bxe2 48. Bg3 Bg4 49. b4 Be6 50. Kd4 Bf7 51. Ke5 Bg6 52. Kf6 Bc2 53.
Kg7 Bb1 54. Kf8 Kc8 55. Ke7 Bd3 56. Kd6 Bb5 57. Kc5 Bd3 58. Kb6 Bf1 59. Ka5 Be2
60. Ka4 Bf1 61. h5 Be2 62. h6 Bf1 63. Kb3 Be2 64. Kc3 Bf1 65. Kd2 Bg2 66. Ke3
Bh3 67. Kd4 Bf5 68. Kc5 Bg6 69. b5 {Time forfeit} 1-0

[Event "Rated Blitz game"]
[Site "?"]
[Date "2021.02.07"]
[Round "?"]
[White "africanmorphy"]
[Black "FTR_BBC"]
[Result "1-0"]
[WhiteElo "2418"]
[BlackElo "2424"]
[PlyCount "133"]
[EventDate "2021.??.??"]
[EventType "blitz"]

1. e4 e5 2. Nf3 d5 3. Nxe5 Bd6 4. d4 dxe4 5. Nc4 Be7 6. Nc3 Nf6 7. Bg5 Bf5 8.
Qd2 h6 9. Bh4 a6 10. O-O-O b5 11. Ne3 Bh7 12. d5 b4 13. Ne2 O-O 14. Nd4 Nxd5
15. Bxe7 Nxe7 16. Qxb4 c5 17. Qxc5 Nd7 18. Qd6 Nc8 19. Nc6 Nxd6 20. Nxd8 Rfxd8
21. Rxd6 Nc5 22. Rxd8+ Rxd8 23. b4 Na4 24. Bxa6 f5 25. Rd1 Rb8 26. a3 f4 27.
Nd5 Kh8 28. Nxf4 Bf5 29. Rd5 Bg4 30. h3 g5 31. hxg4 gxf4 32. b5 Nc3 33. Rc5
Ne2+ 34. Kd2 Nd4 35. Rc4 Rd8 36. Kc3 Ne2+ 37. Kb4 Nc1 38. Rxe4 Na2+ 39. Ka5 Nc3
40. Rxf4 Nd5 41. Rc4 Ra8 42. Rc8+ Rxc8 43. Bxc8 Ne7 44. Be6 Kg7 45. b6 Nc6+ 46.
Kb5 Nd4+ 47. Ka6 Nxe6 48. b7 Nc5+ 49. Ka7 Nd7 50. b8=Q Nxb8 51. Kxb8 Kg6 52. a4
Kg5 53. a5 Kxg4 54. a6 h5 55. a7 h4 56. a8=Q Kf4 57. Qf3+ Kg5 58. c4 h3 59.
Qxh3 Kf4 60. Qe3+ Kf5 61. c5 Kf6 62. c6 Kf5 63. c7 Kg4 64. c8=Q+ Kh5 65. Qc4
Kg6 66. Qee6+ Kg5 67. Qe5+ {Time forfeit} 1-0

[Event "Rated Blitz game"]
[Site "?"]
[Date "2021.02.07"]
[Round "?"]
[White "MMNCC"]
[Black "luckyluke9999"]
[Result "1/2-1/2"]
[WhiteElo "2361"]
[BlackElo "2541"]
[PlyCount "106"]
[EventDate "2021.??.??"]
[EventType "blitz"]

1. e4 e5 2. Nf3 d5 3. Nxe5 Bd6 4. d4 dxe4 5. Bf4 Nf6 6. Bc4 O-O 7. O-O Nbd7 8.
Nd2 Qe7 9. Nxd7 Bxd7 10. Bxd6 Qxd6 11. c3 Rfe8 12. Re1 Ng4 13. Nf1 Nh6 14. Qc2
Qg6 15. Bd5 Bc6 16. Bxc6 Qxc6 17. Re2 f5 18. Rae1 Nf7 19. Qb3 Qb6 20. Ne3 Qxb3
21. axb3 Nd6 22. g4 fxg4 23. Nxg4 a5 24. Ne5 a4 25. bxa4 Rxa4 26. Re3 Ra2 27.
R1e2 Ra1+ 28. Kg2 b6 29. b3 Rc1 30. Nc4 Nxc4 31. bxc4 h6 32. d5 Kf7 33. Rxe4
Rxe4 34. Rxe4 Rxc3 35. h4 g5 36. hxg5 hxg5 37. f3 Kf6 38. Re6+ Kf7 39. Rc6 Ke8
40. Rxc7 b5 41. c5 Kd8 42. d6 b4 43. c6 b3 44. Rg7 Rxc6 45. Rxg5 Rxd6 46. Rb5
Rd2+ 47. Kg3 b2 48. Kf4 Ke7 49. Ke3 Rh2 50. Kd3 Kf6 51. Kc3 Rf2 52. Rxb2 Rxf3+
53. Kd4 Rf5 {Normal} 1/2-1/2

[Event "Rated Blitz tournament hONhNQkS"]
[Site "?"]
[Date "2021.02.07"]
[Round "?"]
[White "karagioules"]
[Black "Maltinho"]
[Result "1/2-1/2"]
[WhiteElo "2365"]
[BlackElo "2525"]
[PlyCount "67"]
[EventDate "2021.??.??"]
[EventType "blitz"]

1. e4 e5 2. Nf3 d5 3. Nxe5 Bd6 4. d4 dxe4 5. Nc3 Bxe5 6. dxe5 Qxd1+ 7. Kxd1 Bf5
8. Bc4 Nc6 9. Bf4 Nge7 10. Ke2 Ng6 11. Ke3 Ngxe5 12. Bxe5 Nxe5 13. Bd5 O-O-O
14. Kf4 Ng6+ 15. Kxf5 Ne7+ 16. Ke5 Nxd5 17. Nxd5 Rhe8+ 18. Kd4 c6 19. c4 cxd5
20. cxd5 Kd7 21. g4 Kd6 22. Rhe1 Re5 23. Rxe4 Rxd5+ 24. Ke3 Rc8 25. Rb4 b6 26.
a4 Rc2 27. h4 Rdd2 28. a5 Re2+ 29. Kd3 Rcd2+ 30. Kc3 Rc2+ 31. Kd3 Rxb2 32. axb6
axb6 33. Rxb6+ Rxb6 34. Kxe2 {Normal} 1/2-1/2

[Event "Rated Blitz tournament hONhNQkS"]
[Site "?"]
[Date "2021.02.07"]
[Round "?"]
[White "Stefan005"]
[Black "Schachelite"]
[Result "1-0"]
[WhiteElo "2397"]
[BlackElo "2453"]
[PlyCount "91"]
[EventDate "2021.??.??"]
[EventType "blitz"]

1. e4 e5 2. Nf3 d5 3. exd5 e4 4. Qe2 Nf6 5. d3 Qxd5 6. dxe4 Qxe4 7. Nc3 Bb4 8.
Bd2 Qxe2+ 9. Bxe2 O-O 10. O-O-O Re8 11. Rhe1 c6 12. a3 Ba5 13. Bc4 Be6 14. Bxe6
fxe6 15. Re2 Nbd7 16. Rde1 Bb6 17. Na4 Nf8 18. Nxb6 axb6 19. Bf4 h6 20. Bd6
N6d7 21. Nd4 Kf7 22. f4 b5 23. g4 Ra4 24. c3 Raa8 25. h4 Rad8 26. h5 Nf6 27.
Bxf8 Rxf8 28. Nxe6 Nxg4 29. Nxd8+ Rxd8 30. Re7+ Kf8 31. Rxb7 Nf6 32. Re6 Nxh5
33. Rxc6 Nxf4 34. Rxb5 Kg8 35. a4 h5 36. Rf5 Nd3+ 37. Kc2 h4 38. Rh5 Ne1+ 39.
Kb3 Nf3 40. a5 Kf7 41. a6 Rb8+ 42. Ka2 g5 43. Rh7+ Kg8 44. Rch6 Rb5 45. b4 g4
46. a7 {Normal} 1-0

[Event "Rated Blitz tournament hONhNQkS"]
[Site "?"]
[Date "2021.02.07"]
[Round "?"]
[White "Harry_Rakel"]
[Black "geptil"]
[Result "1-0"]
[WhiteElo "2587"]
[BlackElo "2413"]
[PlyCount "83"]
[EventDate "2021.??.??"]
[EventType "blitz"]

1. e4 e5 2. Nf3 d5 3. exd5 e4 4. Nd4 Qxd5 5. Nb3 Nf6 6. Nc3 Qf5 7. d3 Bb4 8.
Bd2 O-O 9. a3 Bxc3 10. Bxc3 Nc6 11. Be2 Qg6 12. Kf1 Bf5 13. d4 Rad8 14. Qc1
Rfe8 15. h3 e3 16. fxe3 Ne4 17. Be1 Ng3+ 18. Bxg3 Qxg3 19. Bf3 Be4 20. Nd2 f5
21. Qe1 Qg5 22. Bxe4 fxe4 23. Kg1 Rd6 24. Kh2 Rg6 25. Rg1 Ne7 26. Nxe4 Qb5 27.
Qb4 Qd5 28. Qb3 Qxb3 29. cxb3 Nd5 30. Nc5 b6 31. Na6 Rxe3 32. Rae1 Rxb3 33. Re2
h5 34. Rc1 c6 35. Nb8 Nf4 36. Rd2 Rbg3 37. Rcc2 Nd5 38. Nxc6 Ne3 39. Ne7+ Kh7
40. Nxg6 Rxg6 41. Rc1 h4 42. d5 {Normal} 1-0